LEADER 01794nam a2200301 4500 001 000000339917 003 CaOOAMICUS 005 20200320102232.0 008 200320s1645 it 000 u ita r 026 $alir- lao- o.a, nafi (3) 1645 (Q) 040 $aSeMil$bita 100 11$aMonti, Cesare,$c.$0(OLS)http://semarc/name/20020 245 00$aRegole prescritte dall'em.mo e rev.mo sig.re cardinale Cesare Monti arcivescovo della Chiesa milanese per lo buon governo del Luogo Pio di Santa Febronia, nuovamente aperto per conservar illesa la pudititia delle zitelle, quall'hora si trovano in pericolo di perderla. 264 1$aIn Milano :$bPer Gio. Battista Beltramino. Nella Bottega de gl'Eredi di Giorgio Rolla,$c[1645] 300 $a[2], 32, [2] p. ;$c4° 500 $aIniziali, fregi xilogr. 500 $aStemma vescovile xilogr. sul front. 500 $aSegn.: ?² (?1+A-D?) 500 $aData di pubblicazione presunta a c. A1r. 700 1 $aBeltramino, Giovanni Battista,$c.$0(OLS)http://semarc/name/92929 710 2 $aLuogo pio di Santa Febronia .$0(OLS)http://semarc/name/111219 752 $aIT$dMilano 850 $aSeMil 852 $aSeMil$W1$xVenegono$y1$m3Z V 4/10 FA$j219295$B231105$CSeMilBibl$Z2$F231105 $8I 941 1 $a10 996 $6245$aRegole prescritte dall'em.mo e rev.mo sig.re cardinale Cesare Monti arcivescovo della Chiesa milanese per lo buon governo del Luogo Pio di Santa Febronia, nuovamente aperto per conservar illesa la pudititia delle zitelle, quall'hora si trovano in pericolo di perderla$9(OLS)http://semarc/title/428840 996 $6264$aIn Milano :$bPer Gio. Battista Beltramino. Nella Bottega de gl'Eredi di Giorgio Rolla$9(OLS)http://semarc/publisher/58940 LEADER 01118nam a2200277 i 4500 001 000000142414 003 CaOOAMICUS 005 20050902000000.0 008 050902s1996 it u000 u ita u 013 $a117722 020 $a88-10-10831-0 040 $aSeMil$bita 100 1 $aMazzolari, Primo,$d<1890-1959>.$0(OLS)http://semarc/name/3525 245 10$aLettere al mio parroco /$cPrimo Mazzolari. 260 $aBologna :$bEDB,$c1996. 300 $a133 p. ;$c19 cm. 490 0 $aDon Primo Mazzolari [EDB]v34 650 4$aEpistolari.$0(OLS)http://semarc/subject/1376 650 4$aMazzolari, Primo - Lettere e carteggi.$0(OLS)http://semarc/subject/7706 830 0$aDon Primo Mazzolari ;$v34.$0(OLS)http://semarc/title/18745 850 $aSeMil 852 $aSeMil$W1$xVenegono$y1$m3F III 274$j95588$B95588$CSeMilBibl$Z2$F102468 $81 961 $aOmaggio: Bressan don Luca 996 $6020$a88-10-10831-0$9(OLS)http://semarc/number/130746 996 $6245$aLettere al mio parroco$9(OLS)http://semarc/title/208312 996 $6260$aBologna :$bEDB$9(OLS)http://semarc/publisher/29669